000
00314nam a22001337a 4500
003
OSt
005
20230613085638.0
008
230613b |||||||| |||| 00| 0 eng d
040
_c
sero soft
100
_a
Thakur,Jitender
245
_a
khel chikitsa physiotherepy tatha punarvas
300
_a
250
942
_2
ddc
_c
01
999
_c
56755
_d
56755